Toronto Maple Leafs 2025-2026 Roster - Statistics

General Stats
  • This quiz has been taken 83 times
    61 since last reset
  • The average score is 18 of 24
Answer Stats
Jersey # Pos Player % Correct
34 C Auston Matthews
95%
88 RW William Nylander
95%
11 C Max Domi
90%
44 D Morgan Rielly
90%
91 C John Tavares
88%
23 LW Matthew Knies
85%
2 D Simon Benoit
85%
41 G Anthony Stolarz
83%
8 D Chris Tanev
80%
89 LW Nicholas Robertson
80%
95 D Oliver Ekman-Larsson
78%
74 C Bobby McMann
76%
22 D Jake McCabe
76%
55 C Nicolas Roy
76%
53 RW Easton Cowan
73%
81 C Dakota Joshua
71%
51 D Philippe Myers
71%
24 C Scott Laughton
71%
25 D Brandon Carlo
68%
18 C Steven Lorentz
68%
63 LW Matias Maccelli
66%
19 C Calle Jarnkrok
63%
30 G Cayden Primeau
41%
79 LW Sammy Blais
41%
No matching quizzes found
Score Distribution
Percent of People with Each Score
Percentile by Number Answered
Your Score History
You have not taken this quiz since the last reset